00321nam a2200097Ia 4500082002400000100002700024245009400051260004200145300000900187440002700196 aRR 016.32095496 POL aJha, Shkrti Nath comp. 0aPolitical developments in Nepal : With particular reference to the post-referendum period aVaranasibBanaras Hindu Universityc0 av.p. aDocumentation on Nepal